02317cam a2200421 i 4500001001000000003001000010005001700020007000300037008004100040010001700081020001500098020001800113020002300131020002600154040019000180041000800370042000800378082002100386100002900407245012500436250002300561264004900584264001200633300005800645336002800703337003400731338002900765504005400794505069700848520012701545563001401672650002101686653002101707942000701728945001201735952013101747999001701878768714001CO-MdFUSB20210405105616.0ta040219t2005 njua b 001 0 eng  a 2004044918 a013112790X a9780131127906 a0131293451q(pbk.) a9780131293458q(pbk.) aDLCbengcCO-MdFUSBdIG#dCO-MdFUSBdIXAdBAKERdBTCTAdYDXCPdTEXdZLMdUKMdNLGGCdAU@dDEBBGdOCLCFdOCLCOdOCLCQdOCLCOdI8MdOCLCOdOCLCQdCSJdDHAdOCLCQdOCLCAdUKMGBdOCLCQerda aeng apcc 223a370.72bC9231 aCreswell, John W.eautor10aEducational research :bplanning, conducting, and evaluating quantitative and qualitative research c/ John W. Creswell. asegunda edición  1aUpper Saddle River, N.J. :bMerrill,c[2005] 4c© 2005 axvi, 623 páginas :bilustraciones a color ;c27 cm. atextobtxt2rdacontent. asin mediaciónbn2rdamedia. avolumenbnc2rdacarrier. aIncluye referencias bibliográficas e índices. aEl proceso de realizar investigaciones - Enfoques cuantitativos y cualitativos - Identificar un problema de investigación - Revisar la literatura - Especificar un propósito y preguntas o hipótesis de investigación - Recopilar datos cuantitativos - Analizar e interpretar datos cuantitativos - Recopilar datos cualitativos - - Análisis e interpretación de datos cualitativos - Informes y evaluación de investigaciones - Diseños experimentales - Diseños correlacionales - Diseños de encuestas - Diseños de teoría fundamentados - Diseños etnográficos - Diseños de investigación narrativa - Diseños de métodos mixtos - Diseños de investigación de acción. aInvestigación educativa: planificación, realización y evaluación de la investigación cuantitativa y cualitativa. aRústico 0aEducación9984 aInvestigación. cBK aJTF-925 00102ddc40708GENaFUSBCbFUSBCd2020-06-27l0oG 370.72 C923ep9406r2020-06-27 00:00:00tEj.1w2020-06-27yBKk1IINV2023 c66346d66346